[Event "GER-chT School WK 4"]
[Site "Playchess.com INT"]
[Date "2020.06.16"]
[Round "1.3"]
[White "Moelle, Felix"]
[Black "Di Pfeifer, Jasen"]
[Result "0-1"]
[WhiteElo "1620"]
[BlackElo "1483"]
[PlyCount "54"]
[EventDate "2020.06.16"]
[EventType "team-swiss (blitz)"]
[EventRounds "5"]
[EventCountry "GER"]
[SourceTitle "EXT 2021"]
[Source "ChessBase"]
[SourceDate "2020.10.23"]
[SourceVersion "1"]
[SourceVersionDate "2020.10.23"]
[SourceQuality "1"]
[WhiteTeam "Dresden Nexoe Gymn II"]
[BlackTeam "Dresden Nexoe Gymn"]
[WhiteTeamCountry "GER"]
[BlackTeamCountry "GER"]

1. e4 e6 2. Nf3 Nc6 3. Nc3 d5 4. exd5 exd5 5. Qe2+ Be6 6. d4 Bb4 7. Bd2 Nf6 8. 0-0-0 0-0 9. Qe1 Bxc3 10. Bxc3 Qd6 11. Ng5 Rfe8 12. Bd3 h6 13. Nf3 Ne4 14. Bxe4 dxe4 15. Qxe4 Bxa2 16. Qd3 Rad8 17. Rhe1 Re6 18. h3 Qf4+ 19. Bd2 Qd6 20. Bc3 Nb4 21. Bxb4 Qxb4 22. Rd2 Bc4 23. Qf5 Rxe1+ 24. Nxe1 Be6 25. Qf3 Rxd4 26. Rd1 Qa4 27. Qxb7 Qa1# 0-1

[Event "GER-chT School WK 4"]
[Site "Playchess.com INT"]
[Date "2020.06.16"]
[Round "5.3"]
[White "Moelle, Felix"]
[Black "Walde, Luis"]
[Result "1-0"]
[WhiteElo "1620"]
[BlackElo "1517"]
[PlyCount "29"]
[EventDate "2020.06.16"]
[EventType "team-swiss (blitz)"]
[EventRounds "5"]
[EventCountry "GER"]
[SourceTitle "EXT 2021"]
[Source "ChessBase"]
[SourceDate "2020.10.23"]
[SourceVersion "1"]
[SourceVersionDate "2020.10.23"]
[SourceQuality "1"]
[WhiteTeam "Dresden Nexoe Gymn II"]
[BlackTeam "St Blasien Kolleg"]
[WhiteTeamCountry "GER"]
[BlackTeamCountry "GER"]

1. e4 e6 2. Nf3 Nc6 3. Bc4 e5 4. Nc3 d6 5. 0-0 Bg4 6. d3 Nd4 7. Be3 Nxf3+ 8. Kh1 Nd4 9. Qxg4 Nxc2 10. Qe2 Nxa1 11. Rxa1 Be7 12. Qf3 d5 13. exd5 Bb4 14. d6 Bxc3 15. Qxf7# 1-0